| 000 | 00558nam a22001817a 4500 | ||
|---|---|---|---|
| 003 | CEME | ||
| 005 | 20210628202216.0 | ||
| 008 | 210226b xxu||||| |||| 00| 0 eng d | ||
| 020 | _a0-19-579441-9 | ||
| 040 | _c. | ||
| 082 | _a954 BID | ||
| 100 |
_aBidwai, Praful Vanaik, Achin _958773 |
||
| 245 | _aSouth asia on a short fuse, nuclear politics and the future of global disarmament | ||
| 260 |
_aNEW YORK _bOXFORD UNIVERSITY _c1999 |
||
| 300 | _aXXVI,352P | ||
| 650 |
_aSOUTH ASIA-NUCLEAR POLITICS FUTURE OF GLOBAL DISARMAMENT _958774 |
||
| 942 |
_cBK _2ddc |
||
| 999 |
_c568891 _d568891 |
||